00604nam a2200109Ia 4500008004100000245002300041300027600064650000900340856005400349999001900403952007200422170517s9999 xx 000 0 und d 2aA Hard Day's Night aVery little needs to be said about this trend-setting 1964 classic: Simply put, A Hard Day's Night is the finest rock 'n' roll comedy ever made. It hit America shortly after the Beatles themselves did, and with the Fab Four as popular as they were, Stateside audiences... xArt. uhttp://topdocumentaryfilms.com/a-hard-days-night/ c333102d333102 001040aCLbCLd2017-05-17l0r2017-05-17 00:00:00w2017-05-17yDF